Prix des produits agricoles et de certains moyens de production en Europe et en Amérique du Nord 1978/79

Guardado en:
Detalles Bibliográficos
Formato: Libro
Lenguaje:francés
Publicado: New York Nations Unies 1980
Etiquetas: Agregar Etiqueta
Sin Etiquetas, Sea el primero en etiquetar este registro!

MARC

LEADER 00000nam a2200000 4500
001 c142398
005 20041019155324.7
041 0 |a fre 
044 |a US 
245 1 0 |a Prix des produits agricoles et de certains moyens de production en Europe et en Amérique du Nord 1978/79 
264 1 |a New York  |b Nations Unies  |c 1980 
300 |a 88 s.